| 000 | 01046nam a2200289 i 4500 | ||
|---|---|---|---|
| 001 | 140676 | ||
| 003 | ES-MaACL | ||
| 005 | 20251223063020.0 | ||
| 007 | t| | ||
| 008 | 070914s1962 sp ||||1| spa d | ||
| 080 | _a159.9(04) | ||
| 080 | _a159.98 | ||
| 080 | _a159.943 | ||
| 100 | 1 |
_aWeizsäcker, Viktor von _9133901 |
|
| 245 | 1 | 3 |
_aEl círculo de la forma (Der Gestaltkreis) _b: Teoría de la unidad de percepción y movimiento / _cViktor von Weizsèacker ; [versión del Dr. Agustín Serrate] ; prólogo por el doctor Alfonso Alvarez Villar... |
| 260 |
_aMadrid : _bMorata, _c[1962] |
||
| 300 |
_a279 p. ; _c20 cm. |
||
| 490 | 1 | _aFilosofía, psicología, pedagogía | |
| 650 | 1 | 4 |
_aPercepción. _915929 |
| 650 | 1 | 7 |
_aPsicología de la forma _2embne _916560 |
| 650 | 1 | 4 |
_aPsicomotricidad. _916576 |
| 700 | 1 |
_aSerrate Torrente, Agustín. _9105823 |
|
| 700 | 1 |
_aAlvarez Villa, Alfonso. _920995 |
|
| 830 | 0 | 0 |
_aFilosofía, psicología, pedagogía _9181408 |
| 852 |
_aES-MaACL _jC-22006 _bR.50401 |
||
| 999 |
_c140676 _d140676 |
||